000 00278nam a2200121Ia 4500
008 211105s9999 xx 000 0 und d
020 _aVYASA00566
100 _aN Jog B.
245 0 _aAdhunik Bharatantil Yaksha Prashna
250 _a\N
260 _bN.B. Jog
_c\N
300 _a12p.
999 _c6040
_d6040